Statistics for 2023 Fremantle Dockers Team

Click here to take the quiz!

General Stats

  • This quiz has been taken 6 times
  • The average score is 32 of 43

Answer Stats

HintAnswer% Correct
8Andrew Brayshaw
100%
3Caleb Serong
100%
15Ethan Hughes
100%
2Jaeger O'Meara
100%
11James Aish
100%
6Jordan Clark
100%
5Lachie Schultz
100%
13Luke Ryan
100%
10Michael Walters
100%
7Nat Fyfe
100%
1Sam Sturt
100%
4Sean Darcy
100%
17Will Brodie
100%
36Brennan Cox
83%
27Health Chapman
83%
21Joel Hamling
83%
35Josh Treacy
83%
24Jye Amiss
83%
23Liam Henry
83%
9Luke Jackson
83%
20Matt Taberner
83%
32Michael Frederick
83%
28Neil Erasmus
83%
39Sam Switkowski
83%
25Alex Pearce
67%
41Bailey Banfield
67%
31Brendon Walker
67%
26Hayden Young
67%
19Josh Corbett
67%
30Nathan O'Driscoll
67%
14Nathan Wilson
67%
33Travis Colyer
67%
38Eric Benning
50%
12Hugh Davies
50%
44Matthew Johnson
50%
43Sebit Kuek
50%
18Tom Emmett
50%
45Conrad Williams
33%
34Corey Wagner
33%
37Joshua Draper
33%
40Karl Worner
33%
42Liam Reidy
33%
22Max Knobel
33%

Score Distribution

Percentile by Number Answered

Percent of People with Each Score

Your Score History

You have not taken this quiz